000 00335nam a22001577a 4500
003 SGT
020 _a978-0-7020-2933-2
082 _a615.321
_bP11E
100 _aEVANS, WILLIAM CHARLES
245 _aPHARMACOGNOSY
250 _a16TH
260 _aDELHI
_bELSEVIER
_c2011
300 _a603
650 _aPHARMACOGNOSY
942 _2ddc
_cBK
999 _c9623
_d9623